[Event "GER-ch Seniors 23rd"]
[Site "Halle"]
[Date "2011.08.09"]
[Round "5"]
[White "Froehlich, Werner"]
[Black "Bartle, Georg"]
[Result "1-0"]
[WhiteElo "1436"]
[BlackElo "1794"]
[PlyCount "155"]
[EventDate "2011.08.05"]
[EventType "swiss"]
[EventRounds "9"]
[EventCountry "GER"]
[SourceTitle "CBM 144 Extra"]
[Source "ChessBase"]
[SourceDate "2011.10.28"]
[SourceVersion "1"]
[SourceVersionDate "2011.10.28"]
[SourceQuality "1"]

1. e4 d5 2. exd5 Qxd5 3. Nc3 Qa5 4. Nf3 Nf6 5. Bc4 Bg4 6. 0-0 e6 7. h3 Bh5 8. Be2 c6 9. d3 Bd6 10. Bd2 Qc7 11. a3 Nbd7 12. Ne4 Nxe4 13. dxe4 Rd8 14. Qe1 0-0 15. Rd1 Nc5 16. e5 Bxe5 17. Nxe5 Qxe5 18. Bxh5 Qxh5 19. f3 Rd7 20. b4 Na4 21. Be3 Rfd8 22. Rxd7 Rxd7 23. Qg3 e5 24. f4 f6 25. fxe5 Qxe5 26. Bf4 Qc3 27. Qg4 Qd4+ 28. Kh1 Nb6 29. Qe6+ Rf7 30. Bd6 Nd7 31. Re1 Qd5 32. Qe8+ Nf8 33. Qb8 h6 34. Re8 a6 35. Bxf8 Qd7 36. Bc5+ Kh7 37. Rh8+ Kg6 38. Rd8 Qf5 39. Rd3 Kh7 40. Qd6 g5 41. c3 g4 42. hxg4 Qxg4 43. Qg3 Qf5 44. Qh3 Qf1+ 45. Kh2 f5 46. Rf3 Qb1 47. Bd4 Qe4 48. Qg3 h5 49. Qg5 Qg4 50. Rg3 Qxg5 51. Rxg5 Kh6 52. Rg8 f4 53. Rh8+ Kg5 54. Kh3 f3 55. Rg8+ Kh6 56. gxf3 Rxf3+ 57. Kg2 Rf7 58. a4 Kh7 59. Rh8+ Kg6 60. Kg3 Rf5 61. a5 Rf7 62. Rg8+ Kh7 63. Re8 Kg6 64. Re6+ Kg5 65. Be3+ Kf5 66. Rh6 Rg7+ 67. Kf3 Rf7 68. Rh8 Ke5+ 69. Kg3 Ke4 70. Bd4 Rf5 71. Kh4 Rf1 72. Kg5 Rf5+ 73. Kg6 Rb5 74. Rxh5 Kd3 75. Rxb5 axb5 76. Kf6 c5 77. Bxc5 Kxc3 78. Ke6 1-0